Performance by Design : Sociotechnical Systems in North America /

Kaydedildi:
Detaylı Bibliyografya
Yazar: Taylor, James C. (autor)
Diğer Yazarlar: Felten, David F. (autor) (autor)
Materyal Türü: Kitap
Dil:İngilizce
Baskı/Yayın Bilgisi: Upper Saddle River, EUA : Prentice-Hall, 1993, c1993
Seri Bilgileri:(Prentice-Hall Human Resource Development)
Konular:
Etiketler: Etiketle
Etiket eklenmemiş, İlk siz ekleyin!

MARC

LEADER 00000nam^a2200000^a^4500
001 000183512
005 20250521000000.0
009 20260310102044.603
020 |a 0-13-656497-6 
037 |a Acervo ITESO - Biblioteca 
041 |a ING 
082 |a 658. 406  |b TAY 
100 |a Taylor, James C.  |e (autor) 
245 1 0 |a Performance by Design :  |b Sociotechnical Systems in North America /  |c J.C. Taylor, D.F. Felten. 
264 4 |a Upper Saddle River, EUA :  |b Prentice-Hall,  |c 1993, c1993 
300 |a XX, 235 p. 
336 |a texto  |b txt  |2 rdacontenido 
337 |a sin mediación  |b n  |2 rdamedio 
338 |a volumen  |b nc  |2 rdasoporte 
440 1 |a (Prentice-Hall Human Resource Development) 
649 |a XX 
650 |a Empresas -  |z EUA -  |x Administración 
650 |a Cambio Organizacional -  |z EUA 
650 |a Cambio Organizacional -  |x Metodología 
650 |a Desarrollo Organizacional -  |z EUA 
650 |a Proceso Administrativo -  |x Dirección 
650 |a Ciencias Administrativas 
700 |a Felten, David F.  |e (autor) 
910 |a Fondo General 
920 |a Impresos - Libros 
930 |a Colección General 
905 |a 101 
901 |a 0500124066  |b IT1  |c ACC  |u 20250521 
902 |a https://opac.biblio.iteso.mx/vufind/Record/000183512